[Event "OLNN 2223 SV Bad Schwartau - SK Johanne"]
[Site "?"]
[Date "2023.01.15"]
[Round "4.1"]
[White "Zart, Ruediger"]
[Black "Schmid, Thomas"]
[Result "1-0"]
[WhiteElo "2134"]
[BlackElo "2201"]
[PlyCount "89"]
[EventDate "2023.??.??"]

1. c4 Nf6 2. g3 g6 3. Bg2 Bg7 4. Nf3 O-O 5. O-O c5 6. Nc3 Nc6 7. d4 cxd4 8. Nxd4 Nxd4 9. Qxd4 d6 10. Qd2 Be6 11. Bxb7 Rb8 12. Bf3 Bxc4 13. b3 Be6 14. Bb2 Qa5 15. Rfd1 Qb4 16. Nd5 Nxd5 17. Bxg7 Kxg7 18. Bxd5 Qxd2 19. Rxd2 Rfc8 20. Bxe6 fxe6 21. Kf1 g5 22. Ke1 Kf6 23. Kd1 d5 24. Rc1 Rxc1+ 25. Kxc1 Ke5 26. Rd3 Rf8 27. f3 d4 28. b4 Rf6 29. Kd2 Rh6 30. g4 Kd5 31. Ra3 Rxh2 32. Rxa7 Kd6 33. Ra6+ Kd5 34. Ra5+ Kc4 35. Ra7 h5 36. gxh5 Rxh5 37. Rxe7 Kxb4 38. Rxe6 Kc4 39. Rc6+ Kd5 40. Ra6 Kc4 41. Ra4+ Kc5 42. Kd3 Rh1 43. Rc4+ Kd5 44. Rxd4+ Ke5 45. Ra4 1-0

[Event "OLNN 2223 SV Bad Schwartau - SK Johanne"]
[Site "?"]
[Date "2023.01.15"]
[Round "4.2"]
[White "Gressmann, Moritz"]
[Black "Keyser, Robin"]
[Result "1/2-1/2"]
[WhiteElo "2132"]
[BlackElo "2120"]
[PlyCount "127"]
[EventDate "2023.??.??"]

1. Nf3 Nf6 2. e3 d5 3. c4 e6 4. b3 Be7 5. Bb2 O-O 6. Be2 dxc4 7. bxc4 c5 8. O-O b6 9. Ne5 Bb7 10. d4 cxd4 11. exd4 Nc6 12. Nxc6 Bxc6 13. Nd2 Rc8 14. Rc1 Qd7 15. Bf3 Rfd8 16. Bxc6 Qxc6 17. Nf3 b5 18. c5 Nd5 19. Ne5 Qa6 20. Qb3 Bf6 21. Ng4 Bg5 22. Rcd1 Qb7 23. Qf3 Qe7 24. Bc1 Bxc1 25. Rxc1 h5 26. Ne5 Qf6 27. Rfd1 Qxf3 28. Nxf3 b4 29. Rc4 a5 30. Kf1 Nc3 31. Rd2 f6 32. g3 Kf7 33. Rc2 g5 34. Nd2 Nb5 35. Rb2 Rxd4 36. a4 Rxc4 37. Nxc4 Rxc5 38. Nxa5 Nd6 39. Nb3 Rc8 40. Na5 Ra8 41. Nc6 Rxa4 42. Rxb4 Rxb4 43. Nxb4 g4 44. Kg2 Ne4 45. Nd3 e5 46. h3 Nd2 47. hxg4 hxg4 48. Ne1 f5 49. Nc2 Kf6 50. Ne3 Kg5 51. Nd5 f4 52. gxf4+ exf4 53. Nc3 f3+ 54. Kg1 Kf4 55. Nd5+ Ke4 56. Ne3 g3 57. Nd1 gxf2+ 58. Kxf2 Kf4 59. Nc3 Kg4 60. Nd5 Ne4+ 61. Ke3 f2 62. Kxe4 f1=Q 63. Ne3+ Kh5 64. Nxf1 1/2-1/2

[Event "OLNN 2223 SV Bad Schwartau - SK Johanne"]
[Site "?"]
[Date "2023.01.15"]
[Round "4.3"]
[White "von Gleich, Alexander"]
[Black "Masio, Andreas"]
[Result "1-0"]
[WhiteElo "2248"]
[BlackElo "2010"]
[PlyCount "59"]
[EventDate "2023.??.??"]

1. Nf3 c5 2. c4 Nc6 3. d4 cxd4 4. Nxd4 Nf6 5. Nc3 g6 6. e4 Qa5 7. Nb3 Qd8 8. Be3 Bg7 9. Be2 O-O 10. O-O d6 11. f3 b6 12. Qd2 Be6 13. Nd5 Rc8 14. Rac1 Qd7 15. Bh6 Ne8 16. Rfd1 f5 17. exf5 Rxf5 18. Bxg7 Kxg7 19. f4 Rf7 20. h3 Nf6 21. Bf3 h5 22. Re1 Nd8 23. Nd4 Bxd5 24. cxd5 Rxc1 25. Rxc1 e5 26. dxe6 Nxe6 27. Bc6 Qc8 28. Bd5 Qxc1+ 29. Qxc1 Nxd4 30. Qd2 1-0

[Event "OLNN 2223 SV Bad Schwartau - SK Johanne"]
[Site "?"]
[Date "2023.01.15"]
[Round "4.4"]
[White "Toenniges, Thomas"]
[Black "Schroeder, Christoph"]
[Result "1/2-1/2"]
[WhiteElo "2059"]
[BlackElo "2122"]
[PlyCount "65"]
[EventDate "2023.??.??"]

1. e4 c5 2. Nf3 d6 3. c4 e5 4. Nc3 Nc6 5. d3 a6 6. Be2 Rb8 7. O-O Be7 8. Nd5 Nf6 9. Be3 O-O 10. Nd2 Nd4 11. Bxd4 cxd4 12. f4 Nxd5 13. cxd5 exf4 14. Rxf4 Bf6 15. Rf1 Be5 16. Nc4 f5 17. Bf3 b5 18. Nxe5 dxe5 19. Rc1 Bd7 20. Qe2 Rc8 21. exf5 Rxf5 22. Be4 Rxf1+ 23. Rxf1 Qe7 24. Qf3 g6 25. Qf6 Qxf6 26. Rxf6 Rc1+ 27. Kf2 Rc2+ 28. Kf3 a5 29. Ra6 Kf7 30. Rxa5 Rxb2 31. Ra7 Ke7 32. Ra8 b4 33. Ra6 1/2-1/2

[Event "OLNN 2223 SV Bad Schwartau - SK Johanne"]
[Site "?"]
[Date "2023.01.15"]
[Round "4.5"]
[White "Behrhorst, Frank"]
[Black "Sallandt, Frido"]
[Result "1/2-1/2"]
[WhiteElo "2219"]
[BlackElo "1769"]
[PlyCount "75"]
[EventDate "2023.??.??"]

1. d4 Nf6 2. c4 e6 3. Nf3 d5 4. cxd5 exd5 5. Nc3 c6 6. Bg5 Be7 7. Qc2 O-O 8. e3 Nbd7 9. Bd3 Re8 10. O-O h6 11. Bxf6 Bxf6 12. b4 Nf8 13. b5 Ne6 14. bxc6 bxc6 15. Na4 Qd6 16. Rab1 Bd7 17. Rb7 Reb8 18. Rfb1 Nd8 19. Rxb8 Rxb8 20. Nc5 Bc8 21. Nd2 Rxb1+ 22. Qxb1 Qc7 23. Ndb3 Ne6 24. Qc1 Nxc5 25. Qxc5 Be7 26. Qc3 Qb6 27. g3 Bh3 28. Bf1 Bxf1 29. Kxf1 Qb5+ 30. Kg2 Bb4 31. Qc2 g6 32. h4 h5 33. Nc1 c5 34. dxc5 Qxc5 35. Qxc5 Bxc5 36. Nb3 Bb6 37. Kf3 Kg7 38. Ke2 1/2-1/2

[Event "OLNN 2223 SV Bad Schwartau - SK Johanne"]
[Site "?"]
[Date "2023.01.15"]
[Round "4.6"]
[White "Schwarz, Oliver"]
[Black "Schueler, Hendrik"]
[Result "0-1"]
[WhiteElo "2095"]
[BlackElo "2067"]
[PlyCount "148"]
[EventDate "2023.??.??"]

1. d4 d5 2. c4 dxc4 3. e4 Nc6 4. Be3 Nf6 5. f3 e5 6. d5 Ne7 7. Bxc4 Ng6 8. Ne2 Bd6 9. Nbc3 a6 10. a4 O-O 11. O-O Qe7 12. Qd2 Bd7 13. Nc1 Bc5 14. Nd3 Bxe3+ 15. Qxe3 Ne8 16. b4 Nd6 17. Bb3 a5 18. b5 b6 19. Rac1 Kh8 20. Ne2 Rac8 21. g4 Qh4 22. Ng3 Rfe8 23. Rc2 Qd8 24. Rfc1 Re7 25. Nb2 Nf4 26. Nc4 Nxc4 27. Rxc4 h5 28. Nxh5 Nxh5 29. gxh5 Be8 30. Qg5 Qd6 31. Kf2 Rd8 32. Rg1 f6 33. Qh4 Qa3 34. Rb1 Qd6 35. Bd1 Qa3 36. Rbc1 Qd6 37. Be2 Kh7 38. Rg1 Qa3 39. Qg4 Qd6 40. Qf5+ Kh8 41. Qh3 Bd7 42. Qh4 Rf8 43. Bd3 Be8 44. Ke3 Kh7 45. Qg4 Kh8 46. Rg2 Bd7 47. Qh4 Be8 48. Rc1 Kh7 49. Qg4 Kh8 50. Rgc2 Bd7 51. Qh4 Be8 52. Rg1 Kh7 53. Qg4 Kh8 54. Qc8 Rg8 55. h6 g6 56. Rgc1 Bxb5 57. Qb7 c5 58. Qxe7 Qxe7 59. Bxb5 f5 60. Bd3 Qg5+ 61. Kf2 Qxh6 62. Rh1 Qh4+ 63. Kf1 Qf4 64. Ke2 Kg7 65. Rb2 c4 66. Bc2 c3 67. Ra2 Rh8 68. h3 Qd2+ 69. Kf1 fxe4 70. Bb3 Qc1+ 71. Kg2 exf3+ 72. Kh2 Qf4+ 73. Kg1 e4 74. Rhh2 e3 0-1

[Event "OLNN 2223 SV Bad Schwartau - SK Johanne"]
[Site "?"]
[Date "2023.01.15"]
[Round "4.7"]
[White "Wenzel, Birger"]
[Black "Mueller, Friedrich"]
[Result "1-0"]
[WhiteElo "1999"]
[BlackElo "1952"]
[PlyCount "79"]
[EventDate "2023.??.??"]

1. Nf3 Nf6 2. g3 d5 3. Bg2 c6 4. c4 e6 5. O-O Be7 6. d4 Nbd7 7. Qc2 O-O 8. Nbd2 b6 9. e4 Bb7 10. b3 dxe4 11. Nxe4 c5 12. Nxf6+ Nxf6 13. Bb2 cxd4 14. Nxd4 Bxg2 15. Kxg2 Qc7 16. Qe2 Rfd8 17. Rad1 Bc5 18. Qf3 Bxd4 19. Bxd4 Nd7 20. Rfe1 e5 21. Bb2 f6 22. Rd5 Nc5 23. Red1 Ne6 24. h4 h6 25. Qd3 Kf7 26. h5 a5 27. Qf5 Rxd5 28. Rxd5 Rd8 29. Bxe5 Qc6 30. Bf4 Nxf4+ 31. gxf4 Rxd5 32. Qxd5+ Qxd5+ 33. cxd5 Ke7 34. Kf3 f5 35. Ke3 b5 36. Kd4 Kd6 37. a3 b4 38. axb4 axb4 39. Kc4 Ke7 40. Kxb4 1-0

[Event "OLNN 2223 SF Schwerin - Lübecker SV"]
[Site "?"]
[Date "2023.01.15"]
[Round "4.1"]
[White "Kalinitschew, Sergey"]
[Black "Reichmann, Hendrik"]
[Result "1-0"]
[WhiteElo "2390"]
[BlackElo "2315"]
[PlyCount "81"]
[EventDate "2023.??.??"]

1. d4 Nf6 2. Nf3 g6 3. g3 Bg7 4. Bg2 d6 5. O-O O-O 6. Nc3 Bf5 7. Nh4 Bc8 8. Nf3 Bf5 9. a4 Ne4 10. Nxe4 Bxe4 11. a5 b6 12. axb6 cxb6 13. d5 Qc8 14. c3 Qb7 15. Nh4 Bxg2 16. Nxg2 Nd7 17. Ne3 b5 18. h4 f5 19. Ng2 Nb6 20. Nf4 Be5 21. Ne6 Rf7 22. e4 fxe4 23. Qg4 Rf5 24. Be3 Nxd5 25. Qxe4 Bh8 26. f4 Qc8 27. Bd4 Nf6 28. Bxf6 d5 29. Qe2 Rxf6 30. Rae1 b4 31. cxb4 Qb7 32. b5 Rb8 33. Ng5 h6 34. Nf3 e6 35. Rc1 Qb6+ 36. Rf2 Qxb5 37. Rc8+ Kh7 38. Rc7+ Kg8 39. Qc2 Rb7 40. Rc8+ Kh7 41. h5 1-0

[Event "OLNN 2223 SF Schwerin - Lübecker SV"]
[Site "?"]
[Date "2023.01.15"]
[Round "4.2"]
[White "Grahl, Arvid"]
[Black "Kreuzholz, Michael"]
[Result "0-1"]
[WhiteElo "2150"]
[BlackElo "2315"]
[PlyCount "84"]
[EventDate "2023.??.??"]

1. d4 Nf6 2. c4 g6 3. Nc3 Bg7 4. e4 d6 5. f4 O-O 6. Nf3 c5 7. Be2 cxd4 8. Nxd4 Na6 9. O-O Nc5 10. Bf3 Bh6 11. Nb3 Nxb3 12. Qxb3 Qa5 13. Kh1 Bg7 14. Be3 Bg4 15. Rad1 Bxf3 16. Rxf3 Rac8 17. c5 dxc5 18. e5 Ng4 19. Qxb7 Nxe3 20. Rxe3 Rb8 21. Qxe7 Rxb2 22. h3 Rc2 23. Ne4 Qxa2 24. Rg3 Qc4 25. Nf6+ Bxf6 26. exf6 Rc1 27. Re1 Rxe1+ 28. Qxe1 Qxf4 29. Rf3 Qd6 30. Qh4 Rb8 31. Rf1 Qd3 32. Qf4 Re8 33. Ra1 Qd4 34. Qf1 c4 35. Rd1 Qe4 36. Rd7 c3 37. Rxa7 c2 38. Rc7 h5 39. Qb5 Rd8 40. Qc4 Rd1+ 41. Kh2 Qf4+ 42. g3 Qf2# 0-1

[Event "OLNN 2223 SF Schwerin - Lübecker SV"]
[Site "?"]
[Date "2023.01.15"]
[Round "4.3"]
[White "Schmidt, Harald"]
[Black "Heinsohn, Wilfried"]
[Result "1-0"]
[WhiteElo "2346"]
[BlackElo "2112"]
[PlyCount "87"]
[EventDate "2023.??.??"]

1. c4 Nf6 2. g3 g6 3. Bg2 Bg7 4. Nc3 O-O 5. f4 d6 6. Nf3 c5 7. O-O Nc6 8. d3 Nd4 9. Ng5 Rb8 10. e3 Bg4 11. Qd2 Nc6 12. h3 Bd7 13. b3 Qc8 14. Kh2 a6 15. Bb2 b5 16. Nd5 Ne8 17. Bxg7 Kxg7 18. Rac1 h6 19. Nf3 b4 20. g4 e6 21. Qb2+ Kg8 22. Nf6+ Nxf6 23. Qxf6 Qd8 24. Qb2 Ne7 25. d4 Qc7 26. Qf2 Bc6 27. Rg1 Rbd8 28. Kh1 Kh7 29. Qg3 Qb7 30. Rcf1 a5 31. Qh4 Kg7 32. f5 Ng8 33. Nd2 Bxg2+ 34. Rxg2 exf5 35. gxf5 Rde8 36. Qg3 g5 37. h4 f6 38. Rf3 Qd7 39. Qh2 cxd4 40. e4 Ne7 41. Rh3 Rh8 42. Nf3 Nc6 43. hxg5 fxg5 44. Nxg5 1-0

[Event "OLNN 2223 SF Schwerin - Lübecker SV"]
[Site "?"]
[Date "2023.01.15"]
[Round "4.4"]
[White "Hornych, Christoph"]
[Black "Bornholdt, Joa Max"]
[Result "1/2-1/2"]
[WhiteElo "2171"]
[BlackElo "2297"]
[PlyCount "142"]
[EventDate "2023.??.??"]

1. e4 e5 2. Bc4 Nf6 3. d3 Nc6 4. Nc3 Bc5 5. f4 d6 6. Nf3 Bg4 7. Na4 Bxf3 8. Qxf3 Nd4 9. Qd1 b5 10. Nxc5 bxc4 11. fxe5 dxc5 12. exf6 Qxf6 13. c3 Nc6 14. dxc4 Ne5 15. Be3 Rd8 16. Qa4+ c6 17. Rd1 O-O 18. Bxc5 Rxd1+ 19. Kxd1 Rd8+ 20. Kc2 Qg6 21. Kb1 Qxg2 22. Rg1 Qxe4+ 23. Ka1 Nf3 24. Rd1 Rd2 25. Rxd2 Nxd2 26. Qd1 a6 27. a3 Qxc4 28. Qxd2 Qxc5 29. Qd8+ Qf8 30. Qb6 f5 31. Qxc6 f4 32. Qd5+ Kh8 33. Qf3 g5 34. c4 Qd6 35. h4 gxh4 36. c5 Qxc5 37. Qxf4 Qg1+ 38. Ka2 Qg3 39. Qf6+ Kg8 40. Qxa6 h3 41. Qe6+ Kg7 42. Qe7+ Kg6 43. Qe4+ Kg7 44. Qe7+ Kh8 45. Qf6+ Qg7 46. Qf2 Kg8 47. Qe2 Qf7+ 48. Ka1 h5 49. a4 Qf5 50. Qd2 Kf7 51. a5 h2 52. Qxh2 Qxa5+ 53. Kb1 Qe1+ 54. Ka2 h4 55. Qf4+ Ke6 56. Qg4+ Ke5 57. Qg5+ Kd4 58. Qf4+ Kd3 59. Qd6+ Ke3 60. Qe6+ Kd2 61. Qd6+ Ke2 62. b4 Qg3 63. Qe6+ Kd2 64. Qd5+ Ke3 65. Qc5+ Ke4 66. Qc4+ Kf5 67. Qf7+ Ke5 68. Qe7+ Kd5 69. Qc5+ Ke6 70. Qc6+ Ke7 71. Qe4+ Kd7 1/2-1/2

[Event "OLNN 2223 SF Schwerin - Lübecker SV"]
[Site "?"]
[Date "2023.01.15"]
[Round "4.5"]
[White "Christ, Ralf"]
[Black "Wagner, Ralph"]
[Result "1/2-1/2"]
[WhiteElo "2251"]
[BlackElo "2126"]
[PlyCount "57"]
[EventDate "2023.??.??"]

1. Nf3 d5 2. d4 e6 3. c4 c5 4. cxd5 exd5 5. g3 Nc6 6. Bg2 Nf6 7. O-O Be7 8. dxc5 Bxc5 9. Bg5 O-O 10. Nc3 d4 11. Ne4 Be7 12. Bxf6 Bxf6 13. Nxf6+ Qxf6 14. b4 Rd8 15. Qd2 Bg4 16. Rac1 d3 17. Rfe1 dxe2 18. Qf4 Qxf4 19. gxf4 Nxb4 20. Rxe2 Rac8 21. Rxc8 Rxc8 22. h3 Be6 23. Nd4 Bxa2 24. Bxb7 Rc1+ 25. Kh2 g6 26. Nc6 Nxc6 27. Rxa2 Nd8 28. Rxa7 Rc7 29. Ra8 1/2-1/2

[Event "OLNN 2223 SF Schwerin - Lübecker SV"]
[Site "?"]
[Date "2023.01.15"]
[Round "4.6"]
[White "Wandel, Bernd"]
[Black "Ehrke, Michael"]
[Result "1/2-1/2"]
[WhiteElo "2056"]
[BlackElo "2165"]
[PlyCount "85"]
[EventDate "2023.??.??"]

1. d4 d5 2. c4 Bf5 3. Nc3 e6 4. Nf3 c6 5. e3 Nd7 6. Bd3 Bg6 7. cxd5 exd5 8. Bxg6 hxg6 9. O-O Bd6 10. g3 Ngf6 11. e4 Nxe4 12. Nxe4 dxe4 13. Ng5 Nf6 14. Re1 O-O 15. Nxe4 Nxe4 16. Rxe4 Qd7 17. Qd3 Rfe8 18. Be3 Rxe4 19. Qxe4 Be7 20. Rd1 Rd8 21. a3 Bf6 22. Rd2 g5 23. g4 g6 24. h3 Kg7 25. Kg2 a6 26. h4 Qd5 27. Qxd5 Rxd5 28. hxg5 Bxg5 29. Kf3 Bd8 30. Rd3 Kf6 31. Bd2 Ke6 32. Bc3 Rd7 33. Re3+ Kd5 34. Ke2 Re7 35. Kd3 Rxe3+ 36. fxe3 f5 37. gxf5 gxf5 38. b4 Be7 39. a4 a5 40. bxa5 Ba3 41. Be1 c5 42. dxc5 Kxc5 43. Bc3 1/2-1/2

[Event "OLNN 2223 SF Schwerin - Lübecker SV"]
[Site "?"]
[Date "2023.01.15"]
[Round "4.7"]
[White "Lampe, Dirk"]
[Black "Schulz, Karsten"]
[Result "1/2-1/2"]
[WhiteElo "2134"]
[BlackElo "2263"]
[PlyCount "75"]
[EventDate "2023.??.??"]

1. e4 d6 2. d4 Nf6 3. Nc3 e5 4. Nf3 exd4 5. Nxd4 Be7 6. g3 O-O 7. Bg2 Re8 8. O-O Bf8 9. h3 c6 10. Re1 Nbd7 11. g4 Nc5 12. Bf4 a5 13. Bg3 Qb6 14. Rb1 g6 15. Nb3 a4 16. Nxc5 Qxc5 17. a3 Be6 18. Qd2 Nd7 19. Red1 Ne5 20. Qd4 Qxd4 21. Rxd4 b5 22. Ne2 Nc4 23. c3 Rad8 24. Rdd1 f6 25. Nd4 Bd7 26. e5 fxe5 27. Nxc6 Rc8 28. Nb4 Nb6 29. Rd2 Nc4 30. Re2 Kf7 31. Rd1 Red8 32. f4 Be6 33. Rf1 Kg8 34. Bb7 Rc7 35. Bd5 Bxd5 36. Nxd5 Rf7 37. Ref2 exf4 38. Bxf4 1/2-1/2

[Event "OLNN 2223 SF Schwerin - Lübecker SV"]
[Site "?"]
[Date "2023.01.15"]
[Round "4.8"]
[White "Rossmann, Helmut"]
[Black "Bosselmann, Tom Linus"]
[Result "1/2-1/2"]
[WhiteElo "2246"]
[BlackElo "2103"]
[PlyCount "72"]
[EventDate "2023.??.??"]

1. e4 c5 2. Nf3 d6 3. d4 cxd4 4. Nxd4 Nf6 5. Nc3 g6 6. Be3 Bg7 7. Be2 Nc6 8. Qd2 O-O 9. h4 h5 10. O-O-O Ne5 11. Bh6 Bd7 12. Bxg7 Kxg7 13. f3 Rh8 14. f4 Neg4 15. Bf3 Qa5 16. Rhe1 Rac8 17. Kb1 Bc6 18. Nxc6 bxc6 19. Qd4 c5 20. Qd2 Rhd8 21. Nd5 Qxd2 22. Rxd2 Nxd5 23. exd5 Rc7 24. Bxg4 hxg4 25. g3 Rb8 26. c3 Kf6 27. Re4 c4 28. Rdd4 Rc5 29. Re2 Rc7 30. Kc2 Rcb7 31. Kc1 Rc7 32. Rh2 Rh8 33. Kc2 Rb8 34. Rd1 Rcb7 35. Kc1 Rb5 36. Rd4 Rc5 1/2-1/2

[Event "OLNN 2223 SC Königsspringer HH - Hambu"]
[Site "?"]
[Date "2023.01.15"]
[Round "4.1"]
[White "Gaede, Derek"]
[Black "Zimmermann, Julian"]
[Result "0-1"]
[WhiteElo "2288"]
[BlackElo "2298"]
[PlyCount "56"]
[EventDate "2023.??.??"]

1. d4 Nf6 2. Nc3 d5 3. Bf4 a6 4. e3 e6 5. g4 h6 6. g5 hxg5 7. Bxg5 c5 8. Nf3 Nc6 9. a3 Be7 10. dxc5 Bxc5 11. Qd2 Be7 12. O-O-O Qa5 13. Nd4 Bd7 14. Nb3 Qc7 15. Bf4 Bd6 16. Bxd6 Qxd6 17. e4 Rxh2 18. Rxh2 Qxh2 19. exd5 exd5 20. Qe3+ Kf8 21. Qc5+ Kg8 22. Nxd5 Nxd5 23. Qxd5 Bg4 24. Rd2 Re8 25. f3 Qf4 26. Kb1 Re1+ 27. Ka2 Be6 28. Qd3 Rxf1 0-1

[Event "OLNN 2223 SC Königsspringer HH - Hambu"]
[Site "?"]
[Date "2023.01.15"]
[Round "4.2"]
[White "Weber, Max"]
[Black "Spiric, Igor"]
[Result "1/2-1/2"]
[WhiteElo "2278"]
[BlackElo "2270"]
[PlyCount "45"]
[EventDate "2023.??.??"]

1. Nf3 e6 2. c4 b6 3. g3 Bb7 4. Bg2 c5 5. O-O Nf6 6. Nc3 a6 7. d4 cxd4 8. Qxd4 d6 9. Bg5 Nbd7 10. Rfd1 Qc7 11. e4 Rc8 12. Rac1 Be7 13. Bxf6 Nxf6 14. e5 Bxf3 15. exd6 Bxd6 16. Bxf3 Bc5 17. Qh4 O-O 18. Ne4 Nxe4 19. Qxe4 Rcd8 20. Kg2 a5 21. b3 Qe7 22. Rxd8 Rxd8 23. Rd1 1/2-1/2

[Event "OLNN 2223 SC Königsspringer HH - Hambu"]
[Site "?"]
[Date "2023.01.15"]
[Round "4.3"]
[White "Holinka, Henning"]
[Black "Schmidt, Jan-Peter"]
[Result "0-1"]
[WhiteElo "2237"]
[BlackElo "2261"]
[PlyCount "72"]
[EventDate "2023.??.??"]

1. e4 c5 2. Nc3 Nc6 3. f4 g6 4. Nf3 Bg7 5. a4 a6 6. g3 d6 7. Bg2 Rb8 8. O-O b5 9. axb5 axb5 10. d3 b4 11. Nd5 e6 12. Ne3 Nge7 13. f5 exf5 14. Ng5 Ne5 15. exf5 Nxf5 16. Nxf5 Bxf5 17. Bd5 O-O 18. Ra7 Bd7 19. Qe2 Qe8 20. Qe4 h6 21. Nxf7 Rxf7 22. Rxf7 Nxf7 23. Qxg6 Qe1+ 24. Kg2 Qe2+ 25. Kg1 Qd1+ 26. Kf2 Qxc2+ 27. Kf3 Qd1+ 28. Kf2 Kh8 29. Be3 Ne5 30. Qe4 Ng4+ 31. Kg2 Qe2+ 32. Kg1 Qe1+ 33. Kg2 Nxe3+ 34. Kf3 Rf8+ 35. Qf4 Rxf4+ 36. gxf4 Nxd5 0-1

[Event "OLNN 2223 SC Königsspringer HH - Hambu"]
[Site "?"]
[Date "2023.01.15"]
[Round "4.4"]
[White "Borgmeyer, Max"]
[Black "Kugler, Florian"]
[Result "1/2-1/2"]
[WhiteElo "2208"]
[BlackElo "2205"]
[PlyCount "68"]
[EventDate "2023.??.??"]

1. e4 e5 2. Nf3 Nc6 3. d4 exd4 4. Nxd4 Nf6 5. Nxc6 bxc6 6. e5 Qe7 7. Qe2 Nd5 8. c4 Ba6 9. b3 g6 10. g3 Bg7 11. Bb2 O-O 12. Bg2 Rae8 13. O-O Bxe5 14. Bxe5 Qxe5 15. Qxe5 Rxe5 16. cxd5 Bxf1 17. Kxf1 cxd5 18. Nc3 c6 19. Rc1 a5 20. Na4 Ra8 21. Bf3 Kf8 22. Nc5 Ra7 23. h4 h5 24. Bg2 Re8 25. Bh3 Ke7 26. Ke2 Kd6+ 27. Kd2 Re7 28. Bg2 Ra8 29. Bf3 Rb8 30. Nd3 Re6 31. Bd1 Re4 32. Bf3 Re6 33. Bd1 Re4 34. Bf3 Re6 1/2-1/2

[Event "OLNN 2223 SC Königsspringer HH - Hambu"]
[Site "?"]
[Date "2023.01.15"]
[Round "4.5"]
[White "Garner, Isaac"]
[Black "Wagner, Friedrich"]
[Result "1-0"]
[WhiteElo "2378"]
[BlackElo "2144"]
[PlyCount "71"]
[EventDate "2023.??.??"]

1. Nf3 d5 2. g3 Nf6 3. Bg2 c6 4. O-O Bg4 5. h3 Bh5 6. c4 e6 7. d4 Nbd7 8. cxd5 cxd5 9. Ne5 Bd6 10. f4 Bg6 11. Nc3 O-O 12. g4 Nb6 13. e3 Rc8 14. Bd2 Nc4 15. Nxc4 Rxc4 16. f5 exf5 17. gxf5 Bh5 18. Qb3 Rb4 19. Qc2 Rc4 20. Qd3 Rb4 21. b3 Bc7 22. Nxd5 Nxd5 23. Bxd5 Rb6 24. e4 Re8 25. Rac1 Bb8 26. Rf2 Rd6 27. Rg2 b6 28. Bg5 Qd7 29. Qc3 Rxd5 30. exd5 h6 31. Bxh6 Kh7 32. Bxg7 Rg8 33. Qc6 Qxc6 34. dxc6 Bf4 35. Rc3 Bc7 36. Be5 1-0

[Event "OLNN 2223 SC Königsspringer HH - Hambu"]
[Site "?"]
[Date "2023.01.15"]
[Round "4.6"]
[White "Langmann, Markus"]
[Black "Brinkmann, Fabian"]
[Result "0-1"]
[WhiteElo "2072"]
[BlackElo "2146"]
[PlyCount "98"]
[EventDate "2023.??.??"]

1. e4 c6 2. d4 d5 3. exd5 cxd5 4. Bd3 Nf6 5. Nf3 Bg4 6. O-O Nc6 7. c3 e6 8. Bf4 Bd6 9. Bxd6 Qxd6 10. Nbd2 O-O 11. Qe1 Nd7 12. Qe3 Bh5 13. Rae1 Bg6 14. Bxg6 hxg6 15. Ng5 Rfe8 16. f4 b5 17. a3 a5 18. Qh3 Nf8 19. Qh4 Ne7 20. g4 f6 21. Re3 fxg5 22. fxg5 Nf5 23. gxf5 exf5 24. Rfe1 Rxe3 25. Rxe3 b4 26. c4 dxc4 27. Nxc4 Qc6 28. d5 Qc5 29. axb4 axb4 30. d6 Re8 31. Qf2 Rxe3 32. Nxe3 Qxd6 33. h4 Ne6 34. Qc2 Qb6 35. Qd3 f4 36. Kf2 fxe3+ 37. Qxe3 Qxe3+ 38. Kxe3 Kf7 39. Kd3 Nf4+ 40. Kc4 Ng2 41. Kxb4 Nxh4 42. Kc4 Nf3 43. b4 Nxg5 44. b5 Ke7 45. Kd5 Kd7 46. b6 Nf7 47. b7 Kc7 48. Ke6 Kxb7 49. Kxf7 g5 0-1

[Event "OLNN 2223 SC Königsspringer HH - Hambu"]
[Site "?"]
[Date "2023.01.15"]
[Round "4.7"]
[White "Weihrauch, Jakob"]
[Black "Lampe, Joerg"]
[Result "1/2-1/2"]
[WhiteElo "2221"]
[BlackElo "2108"]
[PlyCount "155"]
[EventDate "2023.??.??"]

1. e4 c5 2. Nf3 Nc6 3. d4 cxd4 4. Nxd4 Nf6 5. Nc3 e5 6. Ndb5 d6 7. Nd5 Nxd5 8. exd5 Nb8 9. c4 Be7 10. Be3 a6 11. Qa4 O-O 12. Qa3 b6 13. Bd3 f5 14. f4 Bb7 15. Nc3 Nd7 16. O-O exf4 17. Bxf4 Nc5 18. Bc2 Bf6 19. b4 Ne4 20. Nxe4 Bxa1 21. Nxd6 Bd4+ 22. Kh1 Bc8 23. Qd3 Qf6 24. Ba4 b5 25. cxb5 axb5 26. Bxb5 Rxa2 27. Qc4 Rf2 28. Rxf2 Bxf2 29. Nxc8 Qa1+ 30. Bc1 Be3 31. d6+ Kh8 32. d7 Bxc1 33. Qf1 Qe5 34. Qd1 Bg5 35. Nd6 Bd8 36. Bc4 Qe7 37. Bb5 Bc7 38. Ne8 Qe5 39. Nxc7 Qxc7 40. Bc6 Rd8 41. b5 Qe5 42. g3 h6 43. Qd2 Kg8 44. Kg2 Kf8 45. Qb4+ Kf7 46. Kf3 g5 47. Kf2 f4 48. Qc4+ Ke7 49. Qd3 fxg3+ 50. hxg3 Qb2+ 51. Kf3 Qf6+ 52. Kg2 Rf8 53. Qe3+ Kd6 54. Qa3+ Kc7 55. Qa7+ Kd6 56. Qa3+ Kc7 57. Qc5 Qf1+ 58. Kh2 Qf2+ 59. Qxf2 Rxf2+ 60. Kh3 h5 61. b6+ Kd8 62. b7 Rb2 63. Be4 Kxd7 64. Bg6 Rxb7 65. Bxh5 Ke6 66. Be2 Rb4 67. Bg4+ Ke5 68. Bc8 Rd4 69. Bg4 Ke4 70. Bh5 Ke3 71. Be8 Kf2 72. Bg6 Rc4 73. Bh5 Rc3 74. Kg4 Rxg3+ 75. Kf5 Rg1 76. Bg4 Rxg4 77. Kxg4 Ke3 78. Kxg5 1/2-1/2

[Event "OLNN 2223 SC Königsspringer HH - Hambu"]
[Site "?"]
[Date "2023.01.15"]
[Round "4.8"]
[White "Raider, Eugen"]
[Black "Schumacher, Norbert"]
[Result "1-0"]
[WhiteElo "2036"]
[BlackElo "2132"]
[PlyCount "111"]
[EventDate "2023.??.??"]

1. e4 c5 2. a3 g6 3. d4 cxd4 4. c3 d3 5. Qxd3 Bg7 6. c4 d6 7. Nc3 Nf6 8. c5 dxc5 9. Qxd8+ Kxd8 10. Be3 Nfd7 11. O-O-O b6 12. Bc4 e6 13. Bg5+ f6 14. Bxe6 Nc6 15. Bf4 a6 16. Nd5 Nd4 17. Bc7+ Ke8 18. Bh3 Ne5 19. Bxe5 Bxh3 20. Nxh3 fxe5 21. Nc7+ Ke7 22. Nxa8 Rxa8 23. Kb1 Bh6 24. Rhe1 Rf8 25. f3 Ke6 26. Nf2 c4 27. Ng4 Bg5 28. Ne3 b5 29. Nd5 Rf7 30. Rf1 Nb3 31. Kc2 Nd4+ 32. Kc3 Nb3 33. g3 Nc5 34. Kb4 Nd3+ 35. Rxd3 cxd3 36. Kc3 d2 37. Kc2 Bh6 38. h4 Rf8 39. f4 Rc8+ 40. Kxd2 Rc4 41. Kd3 Rd4+ 42. Ke3 Rc4 43. Nc3 b4 44. axb4 Rxb4 45. Ra1 Rxb2 46. Rxa6+ Kf7 47. Ra7+ Kf8 48. Ra3 Rh2 49. Ra8+ Kf7 50. Ra7+ Kf8 51. Nd5 Bg7 52. f5 gxf5 53. exf5 h5 54. f6 Bh6+ 55. Ke4 Kg8 56. Kf5 1-0

[Event "OLNN 2223 Hamburger SK III - Schachfreu"]
[Site "?"]
[Date "2023.02.05"]
[Round "5.1"]
[White "Nedic, Dusan"]
[Black "Spiric, Igor"]
[Result "1-0"]
[WhiteElo "2289"]
[BlackElo "2270"]
[PlyCount "135"]
[EventDate "2023.??.??"]

1. d4 Nf6 2. c4 e6 3. Nf3 c5 4. d5 exd5 5. cxd5 d6 6. Nc3 g6 7. g3 Bg7 8. Bg2 O-O 9. O-O a6 10. a4 Nbd7 11. Bf4 Qe7 12. h3 h6 13. Qc1 g5 14. Bd2 Nh7 15. a5 b5 16. axb6 Nxb6 17. b3 f5 18. Re1 Bb7 19. h4 f4 20. hxg5 hxg5 21. e4 fxg3 22. fxg3 Rxf3 23. Bxf3 Qe5 24. Kg2 Bc8 25. Na4 Nxa4 26. Rxa4 Bd7 27. Rc4 Rf8 28. Bc3 Qe7 29. Bxg7 Qxg7 30. Qc3 Qf7 31. e5 g4 32. Bxg4 Qxd5+ 33. Bf3 Bh3+ 34. Kf2 dxe5 35. Rf4 Rxf4 36. gxf4 Qd4+ 37. Qxd4 exd4 38. Re5 Nf6 39. Rxc5 Bd7 40. Rc7 Bb5 41. Rc8+ Kf7 42. Rd8 d3 43. Ke3 Ke7 44. Ra8 Kd6 45. Rd8+ Kc5 46. Rf8 Nd7 47. Rc8+ Kb4 48. Bc6 Kxb3 49. Bxd7 Bxd7 50. Rd8 Bf5 51. Rd5 Bh7 52. f5 Kc4 53. Rd4+ Kc5 54. Rh4 Bg8 55. Kxd3 Kd5 56. Rh8 Bf7 57. Rh7 Be8 58. Re7 Bh5 59. f6 Kd6 60. Kd4 a5 61. Kc4 a4 62. Kb4 Bd1 63. Re1 Bb3 64. Rf1 Bf7 65. Re1 Bb3 66. Re7 Bd1 67. Ra7 Bh5 68. f7 1-0

[Event "OLNN 2223 Hamburger SK III - Schachfreu"]
[Site "?"]
[Date "2023.02.05"]
[Round "5.3"]
[White "Hermesmann, Hans"]
[Black "Kugler, Florian"]
[Result "1-0"]
[WhiteElo "2205"]
[BlackElo "2205"]
[PlyCount "63"]
[EventDate "2023.??.??"]

1. d4 Nf6 2. c4 g6 3. f3 d5 4. cxd5 Nxd5 5. e4 Nb6 6. Nc3 Bg7 7. Be3 O-O 8. Qd2 e5 9. d5 c6 10. O-O-O cxd5 11. exd5 Na6 12. h4 f5 13. h5 f4 14. Bxb6 Qxb6 15. hxg6 hxg6 16. Bc4 Qc5 17. Bb3 Rd8 18. g4 Kf8 19. Kb1 Bd7 20. Rh7 Qb4 21. Qh2 Nc5 22. Rh8+ Kf7 23. Rxd8 Rxd8 24. Bc2 Rh8 25. Qd2 a5 26. a3 Qb6 27. Ne4 Bf8 28. d6 Nxe4 29. Bxe4 Be6 30. Bc2 Ke8 31. Qd3 Bf7 32. Qc3 1-0